[Event "HSG Open 2018"]
[Site "Hilversum"]
[Date "2018.06.23"]
[Round "3.6"]
[White "Nijboer, Friso"]
[Black "Van Baar, Esper"]
[Result "1-0"]
[BlackElo "2253"]
[WhiteElo "2492"]
[LiveChessVersion "1.4.8"]

1. e4 {[%clk 1:50:18]} c5 {[%clk 1:50:12]} 2. Nf3 {[%clk 1:50:22]} d6
{[%clk 1:50:18]} 3. d4 {[%clk 1:50:27]} cxd4 {[%clk 1:50:10]} 4. Nxd4
{[%clk 1:50:32]} Nf6 {[%clk 1:50:15]} 5. Nc3 {[%clk 1:50:38]} a6 {[%clk 1:50:21]}
6. h3 {[%clk 1:50:43]} e6 {[%clk 1:49:10]} 7. g4 {[%clk 1:50:34]} Nfd7
{[%clk 1:46:02]} 8. Bg2 {[%clk 1:49:43]} Nc6 {[%clk 1:42:21]} 9. g5
{[%clk 1:47:37]} Rb8 {[%clk 1:37:55]} 10. h4 {[%clk 1:44:53]} Be7
{[%clk 1:35:36]} 11. f4 {[%clk 1:36:41]} Nxd4 {[%clk 1:14:44]} 12. Qxd4
{[%clk 1:35:03]} O-O {[%clk 1:12:17]} 13. b3 {[%clk 1:18:53]} b5 {[%clk 0:58:05]}
14. Bb2 {[%clk 1:18:11]} e5 {[%clk 0:57:40]} 15. Qf2 {[%clk 1:03:22]} exf4
{[%clk 0:53:53]} 16. Nd5 {[%clk 1:02:33]} f6 {[%clk 0:39:31]} 17. g6
{[%clk 0:43:33]} h6 {[%clk 0:32:53]} 18. O-O-O {[%clk 0:39:01]} Ne5
{[%clk 0:30:05]} 19. Nxf4 {[%clk 0:30:08]} Re8 {[%clk 0:25:35]} 20. Bh3
{[%clk 0:25:16]} Bf8 {[%clk 0:23:37]} 21. Qd4 {[%clk 0:14:19]} Bxh3
{[%clk 0:20:07]} 22. Rxh3 {[%clk 0:14:27]} Qc8 {[%clk 0:17:38]} 23. Rg3
{[%clk 0:13:46]} Rb7 {[%clk 0:12:10]} 24. Nd5 {[%clk 0:11:58]} Qc5
{[%clk 0:11:09]} 25. h5 {[%clk 0:10:45]} Qxd4 {[%clk 0:04:33]} 26. Bxd4
{[%clk 0:10:39]} Nd7 {[%clk 0:02:17]} 27. Re1 {[%clk 0:07:20]} Nc5
{[%clk 0:01:46]} 28. Rge3 {[%clk 0:04:37]} Re6 {[%clk 0:01:55]} 29. Kb2
{[%clk 0:04:26]} Rb8 {[%clk 0:00:43]} 30. a3 {[%clk 0:02:25]} Rb7
{[%clk 0:00:52]} 31. b4 {[%clk 0:02:26]} Nd7 {[%clk 0:00:33]} 32. Rc3
{[%clk 0:01:51]} Ne5 {[%clk 0:00:42]} 33. Rc8 {[%clk 0:01:32]} Nd7
{[%clk 0:00:13]} 34. Kc3 {[%clk 0:00:52]} Rb8 {[%clk 0:00:17]} 35. Rxb8
{[%clk 0:00:37]} Nxb8 {[%clk 0:00:26]} 36. Kd3 {[%clk 0:00:36]} Kh8
{[%clk 0:00:12]} 37. a4 {[%clk 0:00:42]} Be7 {[%clk 0:00:20]} 38. Nf4
{[%clk 0:00:32]} Re5 {[%clk 0:00:15]} 39. Bxe5 {[%clk 0:00:38]} 1-0

[Event "HSG Open 2018"]
[Site "Hilversum"]
[Date "2018.06.23"]
[Round "3.7"]
[White "Zwirs, Nico"]
[Black "Balje, Jan"]
[Result "1-0"]
[BlackElo "2196"]
[WhiteElo "2377"]
[LiveChessVersion "1.4.8"]

1. e4 {[%clk 1:50:17]} c6 {[%clk 1:50:14]} 2. d4 {[%clk 1:50:21]} d5
{[%clk 1:50:19]} 3. exd5 {[%clk 1:50:22]} cxd5 {[%clk 1:50:23]} 4. c4
{[%clk 1:50:24]} Nf6 {[%clk 1:50:11]} 5. Nc3 {[%clk 1:50:27]} Nc6
{[%clk 1:48:53]} 6. Bg5 {[%clk 1:49:51]} e6 {[%clk 1:48:48]} 7. Nf3
{[%clk 1:49:55]} Be7 {[%clk 1:48:34]} 8. c5 {[%clk 1:49:42]} O-O {[%clk 1:47:36]}
9. Bb5 {[%clk 1:49:47]} Ne4 {[%clk 1:45:14]} 10. Bxe7 {[%clk 1:49:21]} Nxe7
{[%clk 1:38:34]} 11. Rc1 {[%clk 1:48:38]} b6 {[%clk 1:36:11]} 12. c6
{[%clk 1:47:35]} Qd6 {[%clk 1:35:02]} 13. O-O {[%clk 1:43:28]} a6
{[%clk 1:34:19]} 14. Bd3 {[%clk 1:38:50]} Nxc6 {[%clk 1:32:01]} 15. Nxe4
{[%clk 1:38:53]} dxe4 {[%clk 1:32:05]} 16. Bxe4 {[%clk 1:38:55]} Bb7
{[%clk 1:30:48]} 17. d5 {[%clk 1:38:12]} exd5 {[%clk 1:27:28]} 18. Qxd5
{[%clk 1:37:38]} Rad8 {[%clk 1:26:03]} 19. Rxc6 {[%clk 1:35:13]} Qxd5
{[%clk 1:25:29]} 20. Bxd5 {[%clk 1:33:24]} b5 {[%clk 1:25:15]} 21. Rb6
{[%clk 1:29:46]} Bxd5 {[%clk 1:24:30]} 22. Rxa6 {[%clk 1:29:51]} Bxf3
{[%clk 1:21:23]} 23. gxf3 {[%clk 1:29:39]} Rd2 {[%clk 1:21:18]} 24. Rb1
{[%clk 1:29:28]} Rb8 {[%clk 0:52:34]} 25. Ra3 {[%clk 1:12:53]} g6
{[%clk 0:44:10]} 26. Rb3 {[%clk 1:07:33]} Rc8 {[%clk 0:40:44]} 27. Rxb5
{[%clk 1:07:15]} Rcc2 {[%clk 0:40:46]} 28. Rf1 {[%clk 1:07:20]} Rxb2
{[%clk 0:39:55]} 29. Rxb2 {[%clk 1:04:38]} Rxb2 {[%clk 0:40:00]} 30. Ra1
{[%clk 1:04:44]} Rb5 {[%clk 0:39:18]} 31. a4 {[%clk 1:03:07]} Ra5
{[%clk 0:39:16]} 32. f4 {[%clk 1:02:48]} Kf8 {[%clk 0:37:02]} 33. f5
{[%clk 1:01:36]} Ke7 {[%clk 0:33:09]} 34. fxg6 {[%clk 1:01:14]} hxg6
{[%clk 0:33:12]} 35. Kg2 {[%clk 1:00:29]} Kd6 {[%clk 0:32:59]} 36. h4
{[%clk 0:59:45]} Kc6 {[%clk 0:27:17]} 37. Kg3 {[%clk 0:57:40]} Kb6
{[%clk 0:18:21]} 38. Kg4 {[%clk 0:52:42]} Ka6 {[%clk 0:16:50]} 39. f4
{[%clk 0:52:37]} Rh5 {[%clk 0:14:53]} 40. Re1 {[%clk 0:50:04]} f5+
{[%clk 0:12:34]} 41. Kg3 {[%clk 0:48:55]} Ka5 {[%clk 0:12:39]} 42. Re6
{[%clk 0:48:57]} Rh6 {[%clk 0:12:43]} 43. h5 {[%clk 0:48:37]} Rxh5
{[%clk 0:12:48]} 44. Rxg6 {[%clk 0:48:43]} Rh8 {[%clk 0:12:40]} 45. Rg5
{[%clk 0:47:21]} Rf8 {[%clk 0:12:45]} 46. Kh4 {[%clk 0:47:08]} Kxa4
{[%clk 0:12:42]} 47. Kh5 {[%clk 0:47:15]} Kb4 {[%clk 0:08:57]} 48. Kg6
{[%clk 0:47:18]} Kc4 {[%clk 0:09:00]} 49. Kg7 {[%clk 0:45:12]} Re8
{[%clk 0:08:27]} 50. Rxf5 {[%clk 0:42:13]} Re4 {[%clk 0:08:17]} 51. Kg6
{[%clk 0:38:20]} Kd4 {[%clk 0:08:17]} 52. Rf8 {[%clk 0:37:50]} Re6+
{[%clk 0:05:39]} 53. Kf5 {[%clk 0:37:55]} Ra6 {[%clk 0:05:37]} 54. Re8
{[%clk 0:37:50]} Kd5 55. Ke4+ 1-0

[Event "HSG Open 2018"]
[Site "Hilversum"]
[Date "2018.06.23"]
[Round "3.8"]
[White "Van de Griendt, Jan Willem"]
[Black "Jonsson, Gauti Pall"]
[Result "1-0"]
[BlackElo "2045"]
[WhiteElo "2347"]
[LiveChessVersion "1.4.8"]

1. d4 {[%clk 1:37:21]} Nf6 {[%clk 1:49:41]} 2. c4 {[%clk 1:37:27]} e6
{[%clk 1:49:22]} 3. Nf3 {[%clk 1:37:33]} Bb4+ {[%clk 1:48:55]} 4. Bd2
{[%clk 1:37:36]} a5 {[%clk 1:48:19]} 5. g3 {[%clk 1:37:28]} d6 {[%clk 1:47:13]}
6. Bg2 {[%clk 1:37:29]} Nbd7 {[%clk 1:46:46]} 7. O-O {[%clk 1:37:29]} e5
{[%clk 1:45:33]} 8. e3 {[%clk 1:18:19]} c6 {[%clk 1:35:23]} 9. Bc1
{[%clk 1:14:10]} e4 {[%clk 1:35:02]} 10. Ng5 {[%clk 1:12:50]} d5 {[%clk 1:33:26]}
11. c5 {[%clk 1:12:49]} h6 {[%clk 1:31:57]} 12. Nh3 {[%clk 1:12:16]} a4
{[%clk 1:31:40]} 13. a3 {[%clk 1:12:19]} Ba5 {[%clk 1:31:25]} 14. Qxa4
{[%clk 1:12:24]} Nf8 {[%clk 1:29:04]} 15. b4 {[%clk 0:47:55]} Bxh3
{[%clk 1:28:00]} 16. Bxh3 {[%clk 0:47:59]} Bc7 {[%clk 1:27:49]} 17. Qd1
{[%clk 0:47:27]} h5 {[%clk 1:25:15]} 18. f4 {[%clk 0:43:44]} exf3
{[%clk 1:23:19]} 19. Qxf3 {[%clk 0:40:29]} Ne6 {[%clk 1:16:17]} 20. Bxe6
{[%clk 0:33:49]} fxe6 {[%clk 1:15:20]} 21. Nc3 {[%clk 0:33:57]} Qd7
{[%clk 1:12:48]} 22. Ra2 {[%clk 0:28:44]} O-O {[%clk 1:10:07]} 23. Raf2
{[%clk 0:26:16]} Qe7 {[%clk 1:05:51]} 24. e4 {[%clk 0:22:31]} e5 {[%clk 0:59:13]}
25. exd5 {[%clk 0:18:25]} cxd5 {[%clk 0:58:54]} 26. Nxd5 {[%clk 0:17:43]} Nxd5
{[%clk 0:58:47]} 27. Qxd5+ {[%clk 0:17:47]} Kh8 {[%clk 0:58:44]} 28. Rf7 1-0

[Event "HSG Open 2018"]
[Site "Hilversum"]
[Date "2018.06.23"]
[Round "3.9"]
[White "Huesmann, Thomas"]
[Black "Wiersma, Eelke"]
[Result "1/2-1/2"]
[BlackElo "2344"]
[WhiteElo "2170"]
[LiveChessVersion "1.4.8"]

1. e4 {[%clk 1:50:17]} d6 {[%clk 1:50:12]} 2. d4 {[%clk 1:50:13]} Nf6
{[%clk 1:50:13]} 3. Nc3 {[%clk 1:50:12]} g6 {[%clk 1:50:12]} 4. f4
{[%clk 1:49:57]} Bg7 {[%clk 1:50:11]} 5. Nf3 {[%clk 1:49:57]} O-O
{[%clk 1:50:10]} 6. e5 {[%clk 1:46:36]} Nfd7 {[%clk 1:49:39]} 7. Bc4
{[%clk 1:45:54]} Nb6 {[%clk 1:44:59]} 8. Bb3 {[%clk 1:45:09]} dxe5
{[%clk 1:38:25]} 9. fxe5 {[%clk 1:43:45]} c5 {[%clk 1:37:20]} 10. dxc5
{[%clk 1:41:43]} Qxd1+ {[%clk 1:36:36]} 11. Nxd1 {[%clk 1:41:45]} N6d7
{[%clk 1:36:36]} 12. e6 {[%clk 1:41:02]} Nxc5 {[%clk 1:36:25]} 13. exf7+
{[%clk 1:40:57]} Kh8 {[%clk 1:36:25]} 14. Be3 {[%clk 1:39:54]} Nxb3
{[%clk 1:31:37]} 15. axb3 {[%clk 1:39:57]} Nc6 {[%clk 1:30:52]} 16. c3
{[%clk 1:37:08]} Be6 {[%clk 1:17:00]} 17. b4 {[%clk 1:36:29]} Bc4
{[%clk 1:16:27]} 18. Bf2 {[%clk 1:24:40]} Rxf7 {[%clk 1:11:11]} 19. Ne3
{[%clk 1:24:26]} Ba6 {[%clk 1:08:09]} 20. Ng5 {[%clk 1:12:21]} Rf6
{[%clk 1:06:37]} 21. Ne4 {[%clk 1:12:15]} Rff8 {[%clk 1:05:00]} 22. Bg3
{[%clk 1:05:39]} Rad8 {[%clk 0:58:47]} 23. Nc5 {[%clk 1:05:10]} Nxb4
{[%clk 0:54:54]} 24. Nxa6 {[%clk 0:53:29]} Nd3+ {[%clk 0:43:13]} 25. Ke2
{[%clk 0:53:30]} bxa6 {[%clk 0:42:22]} 26. Nc4 {[%clk 0:45:14]} Nxb2
{[%clk 0:34:08]} 27. Nxb2 {[%clk 0:45:11]} Bxc3 {[%clk 0:34:05]} 28. Nd3
{[%clk 0:43:27]} Bxa1 {[%clk 0:34:07]} 29. Rxa1 {[%clk 0:43:33]} Rf5
{[%clk 0:33:35]} 30. Rxa6 {[%clk 0:42:43]} Rd7 {[%clk 0:33:16]} 31. Be5+
{[%clk 0:37:14]} Kg8 {[%clk 0:33:02]} 32. Ra5 {[%clk 0:37:17]} Rb7
{[%clk 0:29:15]} 33. g4 {[%clk 0:36:41]} Rf8 {[%clk 0:19:57]} 1/2-1/2

[Event "HSG Open 2018"]
[Site "Hilversum"]
[Date "2018.06.23"]
[Round "3.10"]
[White "Hoornstra, Hans"]
[Black "De Boer, Eelke"]
[Result "0-1"]
[BlackElo "2325"]
[WhiteElo "2085"]
[LiveChessVersion "1.4.8"]

1. e4 {[%clk 1:50:15]} c5 {[%clk 1:50:14]} 2. Nf3 {[%clk 1:50:04]} d6
{[%clk 1:50:17]} 3. d4 {[%clk 1:50:00]} cxd4 {[%clk 1:50:17]} 4. Nxd4
{[%clk 1:50:03]} Nf6 {[%clk 1:50:22]} 5. Nc3 {[%clk 1:50:04]} a6 {[%clk 1:50:25]}
6. f3 {[%clk 1:49:29]} e5 {[%clk 1:50:25]} 7. Nb3 {[%clk 1:49:35]} Be6
{[%clk 1:50:25]} 8. Be3 {[%clk 1:49:23]} h5 {[%clk 1:50:01]} 9. Qd2
{[%clk 1:46:58]} Nbd7 {[%clk 1:50:04]} 10. Nd5 {[%clk 1:46:39]} Bxd5
{[%clk 1:49:28]} 11. exd5 {[%clk 1:46:40]} g6 {[%clk 1:45:13]} 12. Be2
{[%clk 1:44:48]} Bg7 {[%clk 1:44:55]} 13. Na5 {[%clk 1:43:24]} Qc7
{[%clk 1:19:34]} 14. c4 {[%clk 1:42:21]} e4 {[%clk 1:18:34]} 15. O-O
{[%clk 1:42:01]} Ne5 {[%clk 1:04:12]} 16. Rac1 {[%clk 1:15:30]} b6
{[%clk 0:50:34]} 17. Nb3 {[%clk 1:09:01]} exf3 {[%clk 0:43:27]} 18. gxf3
{[%clk 1:03:40]} O-O {[%clk 0:41:00]} 19. Nd4 {[%clk 0:58:35]} Rfe8
{[%clk 0:39:32]} 20. b4 {[%clk 0:55:22]} Qd7 {[%clk 0:37:00]} 21. Nb3
{[%clk 0:50:27]} Rab8 {[%clk 0:28:35]} 22. Rcd1 {[%clk 0:39:25]} b5
{[%clk 0:20:03]} 23. c5 {[%clk 0:37:47]} Nc4 {[%clk 0:19:40]} 24. Bxc4
{[%clk 0:36:39]} bxc4 {[%clk 0:18:37]} 25. Na5 {[%clk 0:31:06]} c3
{[%clk 0:18:31]} 26. Qf2 {[%clk 0:27:30]} Rxb4 {[%clk 0:15:42]} 27. c6
{[%clk 0:24:59]} Qc7 {[%clk 0:15:16]} 28. Nb3 {[%clk 0:22:47]} Rb5
{[%clk 0:13:21]} 29. Bd4 {[%clk 0:12:28]} Rxd5 {[%clk 0:12:00]} 30. Qc2
{[%clk 0:11:03]} Qxc6 {[%clk 0:10:18]} 31. Qxc3 {[%clk 0:09:03]} Rg5+
{[%clk 0:07:16]} 32. Kf2 {[%clk 0:08:26]} Qb5 {[%clk 0:05:00]} 33. Rfe1
{[%clk 0:07:25]} Nd5 {[%clk 0:04:46]} 34. Rxe8+ {[%clk 0:06:06]} Qxe8
{[%clk 0:04:54]} 35. Re1 {[%clk 0:05:59]} Bxd4+ {[%clk 0:03:58]} 36. Qxd4
{[%clk 0:05:35]} Re5 {[%clk 0:04:01]} 37. Re4 {[%clk 0:04:38]} Qe6
{[%clk 0:03:02]} 38. Nc5 {[%clk 0:04:12]} Qh3 {[%clk 0:01:41]} 39. Rxe5
{[%clk 0:03:54]} Qxh2+ {[%clk 0:01:49]} 40. Ke1 {[%clk 0:03:08]} Qxe5+
{[%clk 0:01:37]} 41. Qxe5 {[%clk 0:03:15]} dxe5 {[%clk 0:01:46]} 42. Nxa6
{[%clk 0:03:24]} Nc3 {[%clk 0:00:39]} 43. a3 {[%clk 0:03:32]} e4 {[%clk 0:00:46]}
44. Nc5 {[%clk 0:03:07]} e3 {[%clk 0:00:27]} 45. a4 {[%clk 0:03:09]} h4
{[%clk 0:00:24]} 46. a5 {[%clk 0:03:13]} h3 {[%clk 0:00:23]} 0-1

[Event "HSG Open 2018"]
[Site "Hilversum"]
[Date "2018.06.23"]
[Round "3.11"]
[White "Bosboom, Ardin"]
[Black "Elgersma, Simon"]
[Result "0-1"]
[BlackElo "2260"]
[WhiteElo "1959"]
[LiveChessVersion "1.4.8"]

1. d4 {[%clk 1:49:36]} Nf6 {[%clk 1:48:22]} 2. c4 {[%clk 1:49:39]} g6
{[%clk 1:48:28]} 3. f3 {[%clk 1:49:37]} Bg7 {[%clk 1:48:32]} 4. e4
{[%clk 1:49:42]} d6 {[%clk 1:48:39]} 5. Be3 {[%clk 1:49:30]} O-O {[%clk 1:48:34]}
6. Ne2 {[%clk 1:48:46]} Nbd7 {[%clk 1:47:57]} 7. Nbc3 {[%clk 1:47:52]} a6
{[%clk 1:48:05]} 8. Qd2 {[%clk 1:46:50]} c5 {[%clk 1:40:29]} 9. d5
{[%clk 1:44:46]} Ne5 {[%clk 1:37:34]} 10. Nc1 {[%clk 1:41:01]} e6
{[%clk 1:35:47]} 11. Be2 {[%clk 1:37:45]} exd5 {[%clk 1:33:12]} 12. cxd5
{[%clk 1:36:24]} b5 {[%clk 1:28:56]} 13. a3 {[%clk 1:34:48]} Bd7 {[%clk 1:18:53]}
14. b4 {[%clk 1:28:00]} cxb4 {[%clk 1:14:23]} 15. axb4 {[%clk 1:28:04]} Rc8
{[%clk 1:14:25]} 16. Ra3 {[%clk 1:06:35]} a5 {[%clk 0:59:24]} 17. Nxb5
{[%clk 0:57:39]} Bxb5 {[%clk 0:41:10]} 18. Bxb5 {[%clk 0:57:30]} axb4
{[%clk 0:24:02]} 19. Qxb4 {[%clk 0:45:09]} Nh5 {[%clk 0:21:36]} 20. O-O
{[%clk 0:39:34]} f5 {[%clk 0:20:06]} 21. exf5 {[%clk 0:28:41]} gxf5
{[%clk 0:19:24]} 22. Ne2 {[%clk 0:28:30]} f4 {[%clk 0:09:12]} 23. Bf2
{[%clk 0:26:32]} Qf6 {[%clk 0:06:08]} 24. Nd4 {[%clk 0:22:45]} Kh8
{[%clk 0:05:52]} 25. Ne6 {[%clk 0:17:31]} Rg8 {[%clk 0:06:01]} 26. Bd4
{[%clk 0:17:11]} Qg6 {[%clk 0:04:53]} 27. Ra2 {[%clk 0:15:42]} Bf6
{[%clk 0:03:26]} 28. Qxd6 {[%clk 0:12:06]} Nxf3+ {[%clk 0:03:05]} 29. Rxf3
{[%clk 0:10:58]} Bxd4+ {[%clk 0:03:13]} 30. Kh1 {[%clk 0:09:34]} Ng3+
{[%clk 0:03:16]} 0-1

[Event "HSG Open 2018"]
[Site "Hilversum"]
[Date "2018.06.23"]
[Round "3.12"]
[White "Visser, Henk-Jan"]
[Black "Roebers, Eline"]
[Result "1-0"]
[BlackElo "1859"]
[WhiteElo "2255"]
[LiveChessVersion "1.4.8"]

1. e4 {[%clk 1:46:11]} c6 {[%clk 1:50:15]} 2. d4 {[%clk 1:45:40]} d5
{[%clk 1:50:19]} 3. e5 {[%clk 1:45:40]} Bf5 {[%clk 1:50:21]} 4. Nf3
{[%clk 1:45:42]} e6 {[%clk 1:49:58]} 5. Be2 {[%clk 1:45:01]} Nd7 {[%clk 1:49:30]}
6. O-O {[%clk 1:44:58]} Ne7 {[%clk 1:48:31]} 7. Nbd2 {[%clk 1:44:02]} c5
{[%clk 1:47:53]} 8. dxc5 {[%clk 1:25:03]} Nc6 {[%clk 1:45:23]} 9. c4
{[%clk 1:17:48]} Ndxe5 {[%clk 1:38:09]} 10. Nxe5 {[%clk 1:15:34]} Nxe5
{[%clk 1:38:12]} 11. cxd5 {[%clk 1:15:13]} Qxd5 {[%clk 1:33:40]} 12. Qa4+
{[%clk 1:13:05]} Nc6 {[%clk 1:32:06]} 13. Bf3 {[%clk 1:04:41]} Qd7
{[%clk 1:22:30]} 14. Rd1 {[%clk 0:55:12]} Rd8 {[%clk 1:13:27]} 15. Nf1
{[%clk 0:47:22]} Qc8 {[%clk 1:05:11]} 16. Rxd8+ {[%clk 0:46:41]} Kxd8
{[%clk 1:04:36]} 17. Be3 {[%clk 0:41:08]} Be7 {[%clk 0:57:04]} 18. Rd1+
{[%clk 0:39:54]} Ke8 {[%clk 0:56:44]} 19. b4 {[%clk 0:39:49]} a6 {[%clk 0:49:23]}
20. Nd2 {[%clk 0:34:44]} f6 {[%clk 0:44:52]} 21. Nc4 {[%clk 0:34:20]} Kf7
{[%clk 0:43:10]} 22. Nb6 {[%clk 0:17:43]} Qe8 {[%clk 0:38:35]} 23. Rd7
{[%clk 0:10:18]} Ne5 {[%clk 0:31:01]} 24. Rxb7 {[%clk 0:08:10]} Qxa4
{[%clk 0:29:27]} 25. Nxa4 {[%clk 0:08:18]} Rd8 {[%clk 0:23:49]} 26. h4
{[%clk 0:06:02]} Nxf3+ {[%clk 0:22:10]} 27. gxf3 {[%clk 0:06:10]} e5
{[%clk 0:21:15]} 28. Ra7 {[%clk 0:04:12]} Bc8 {[%clk 0:20:29]} 29. Nb6
{[%clk 0:04:06]} Ke6 {[%clk 0:19:34]} 30. Nxc8 {[%clk 0:04:09]} Rxc8
{[%clk 0:19:30]} 31. Rxa6+ {[%clk 0:04:17]} Kd5 {[%clk 0:19:19]} 32. Ra7
{[%clk 0:04:24]} Bf8 {[%clk 0:19:11]} 33. Kf1 {[%clk 0:03:48]} Kc4
{[%clk 0:18:35]} 34. a3 {[%clk 0:03:52]} Kd5 {[%clk 0:18:31]} 35. Ke2
{[%clk 0:03:58]} Kc4 {[%clk 0:18:08]} 36. f4 {[%clk 0:04:04]} exf4
{[%clk 0:17:13]} 37. Bxf4 {[%clk 0:04:12]} Kd5 {[%clk 0:16:38]} 38. Be3
{[%clk 0:04:17]} Kc4 {[%clk 0:16:23]} 39. Kf3 {[%clk 0:04:18]} Kd5
{[%clk 0:16:26]} 40. h5 {[%clk 0:03:55]} h6 {[%clk 0:15:51]} 41. Kf4
{[%clk 0:03:56]} Ke6 {[%clk 0:15:19]} 42. Ra6+ {[%clk 0:04:05]} Kd5
{[%clk 0:14:49]} 43. Kf5 {[%clk 0:04:12]} Be7 {[%clk 0:14:37]} 44. Ra7
{[%clk 0:04:19]} Bf8 {[%clk 0:14:40]} 45. Kg6 {[%clk 0:04:17]} Ke6
{[%clk 0:14:38]} 46. Ra6+ {[%clk 0:04:20]} Kd5 {[%clk 0:14:22]} 47. Kf7
{[%clk 0:04:00]} Ke5 {[%clk 0:14:15]} 48. Re6+ {[%clk 0:04:03]} Kd5
{[%clk 0:14:16]} 49. Re8 {[%clk 0:04:10]} Ke4 1-0

[Event "HSG Open 2018"]
[Site "Hilversum"]
[Date "2018.06.23"]
[Round "4.1"]
[White "Beerdsen, Thomas"]
[Black "Lanchava, Tea"]
[Result "1-0"]
[BlackElo "2297"]
[WhiteElo "2454"]
[LiveChessVersion "1.4.8"]

1. e4 {[%clk 1:48:19]} c6 {[%clk 1:50:10]} 2. d4 {[%clk 1:48:24]} g6
{[%clk 1:50:13]} 3. Nc3 {[%clk 1:47:56]} Bg7 {[%clk 1:50:15]} 4. h4
{[%clk 1:47:35]} h5 {[%clk 1:49:53]} 5. Bc4 {[%clk 1:47:18]} e6 {[%clk 1:45:22]}
6. e5 {[%clk 1:47:04]} d5 {[%clk 1:45:01]} 7. exd6 {[%clk 1:47:09]} Qxd6
{[%clk 1:44:50]} 8. Ne4 {[%clk 1:47:16]} Qc7 {[%clk 1:42:52]} 9. Qf3
{[%clk 1:45:24]} Ne7 {[%clk 1:34:40]} 10. Bf4 {[%clk 1:44:43]} Qa5+
{[%clk 1:31:44]} 11. b4 {[%clk 1:44:19]} Qxb4+ {[%clk 1:26:43]} 12. c3
{[%clk 1:31:52]} Qb2 {[%clk 1:22:35]} 13. Nd6+ {[%clk 1:29:08]} Kd7
{[%clk 1:22:22]} 14. Rd1 {[%clk 1:28:55]} f6 {[%clk 1:18:00]} 15. Qe4
{[%clk 1:21:54]} Nd5 {[%clk 1:11:51]} 16. Bxd5 {[%clk 1:20:04]} cxd5
{[%clk 1:11:48]} 17. Qxg6 {[%clk 1:20:08]} Bh6 {[%clk 1:05:36]} 18. Bxh6
{[%clk 1:17:59]} Kxd6 {[%clk 1:05:02]} 19. Qxf6 {[%clk 1:16:50]} Rg8
{[%clk 1:03:33]} 20. c4 {[%clk 1:11:36]} Bd7 {[%clk 0:52:56]} 21. cxd5
{[%clk 1:09:24]} Kc7 {[%clk 0:48:16]} 22. Qe5+ {[%clk 1:08:38]} Kb6
{[%clk 0:48:05]} 23. Qd6+ {[%clk 1:08:10]} Ka5 {[%clk 0:46:31]} 24. Bd2+
{[%clk 1:07:54]} Ka4 {[%clk 0:46:36]} 25. Ne2 {[%clk 1:07:28]} Rxg2
{[%clk 0:42:40]} 26. Rh3 {[%clk 1:07:10]} e5 {[%clk 0:38:59]} 27. Rb3
{[%clk 1:07:04]} 1-0

[Event "HSG Open 2018"]
[Site "Hilversum"]
[Date "2018.06.23"]
[Round "4.2"]
[White "Van de Griendt, Jan Willem"]
[Black "Van Foreest, Jorden"]
[Result "0-1"]
[BlackElo "2641"]
[WhiteElo "2347"]
[LiveChessVersion "1.4.8"]

1. d4 {[%clk 1:46:02]} d6 {[%clk 1:50:13]} 2. Nf3 {[%clk 1:45:01]} g6
{[%clk 1:49:17]} 3. g3 {[%clk 1:43:56]} Bg7 {[%clk 1:48:57]} 4. Bg2
{[%clk 1:44:00]} Nf6 {[%clk 1:47:58]} 5. c4 {[%clk 1:43:59]} O-O {[%clk 1:47:38]}
6. Nc3 {[%clk 1:43:59]} Nc6 {[%clk 1:46:55]} 7. O-O {[%clk 1:44:00]} Bf5
{[%clk 1:46:59]} 8. d5 {[%clk 1:43:55]} Na5 {[%clk 1:47:02]} 9. Nd2
{[%clk 1:44:00]} c6 {[%clk 1:45:15]} 10. h3 {[%clk 1:29:14]} cxd5
{[%clk 1:41:18]} 11. cxd5 {[%clk 1:29:09]} b5 {[%clk 1:39:33]} 12. a3
{[%clk 1:24:09]} Rc8 {[%clk 1:35:48]} 13. Nb3 {[%clk 1:08:41]} Nxb3
{[%clk 1:14:30]} 14. Qxb3 {[%clk 1:08:36]} Nd7 {[%clk 1:14:29]} 15. e4
{[%clk 0:34:55]} Nc5 {[%clk 1:13:24]} 16. Qd1 {[%clk 0:34:42]} Bxc3
{[%clk 1:12:34]} 17. exf5 {[%clk 0:34:47]} Bf6 {[%clk 1:12:01]} 18. fxg6
{[%clk 0:33:21]} hxg6 {[%clk 1:11:56]} 19. Rb1 {[%clk 0:33:21]} a5
{[%clk 1:09:06]} 20. h4 {[%clk 0:28:10]} Kg7 {[%clk 1:06:10]} 21. Be3
{[%clk 0:15:24]} Rh8 {[%clk 1:04:32]} 22. Qe2 {[%clk 0:09:02]} b4
{[%clk 1:03:46]} 23. axb4 {[%clk 0:08:57]} axb4 {[%clk 1:03:49]} 24. Rfc1
{[%clk 0:07:08]} Qb6 {[%clk 1:01:18]} 25. Rc4 {[%clk 0:05:43]} Qb5
{[%clk 1:00:38]} 26. Qg4 {[%clk 0:05:33]} b3 {[%clk 0:59:55]} 27. Bf1
{[%clk 0:02:37]} Qa5 {[%clk 0:56:35]} 28. Qd1 {[%clk 0:01:35]} Qa2
{[%clk 0:53:04]} 29. Bh3 {[%clk 0:00:44]} Ra8 {[%clk 0:52:27]} 30. Bxc5
{[%clk 0:00:24]} dxc5 {[%clk 0:52:29]} 31. Rxc5 {[%clk 0:00:31]} Rhd8
{[%clk 0:43:19]} 32. Bf1 {[%clk 0:00:20]} Rdc8 {[%clk 0:43:22]} 33. Rc6
{[%clk 0:00:17]} Bxb2 {[%clk 0:42:19]} 34. Bc4 {[%clk 0:00:25]} Rcb8
{[%clk 0:42:11]} 35. Kg2 {[%clk 0:00:27]} Ra7 {[%clk 0:32:44]} 36. h5
{[%clk 0:00:19]} gxh5 {[%clk 0:31:44]} 37. d6 {[%clk 0:00:18]} e5
{[%clk 0:29:22]} 38. d7 {[%clk 0:00:15]} Bd4 {[%clk 0:29:31]} 39. Be2
{[%clk 0:00:12]} Rxd7 {[%clk 0:28:56]} 40. Ra6 {[%clk 0:00:16]} Qc2
{[%clk 0:29:00]} 41. Qf1 {[%clk 0:00:17]} Rb6 {[%clk 0:26:46]} 42. Rxb6
{[%clk 0:00:25]} Bxb6 {[%clk 0:26:51]} 0-1

[Event "HSG Open 2018"]
[Site "Hilversum"]
[Date "2018.06.23"]
[Round "4.3"]
[White "Guliyev, Namig"]
[Black "Voege, Tobias"]
[Result "1-0"]
[BlackElo "2301"]
[WhiteElo "2547"]
[LiveChessVersion "1.4.8"]

1. e4 {[%clk 1:49:43]} e6 {[%clk 1:50:15]} 2. d4 {[%clk 1:49:49]} d5
{[%clk 1:50:21]} 3. Nc3 {[%clk 1:49:53]} Nf6 {[%clk 1:50:27]} 4. e5
{[%clk 1:49:59]} Nfd7 {[%clk 1:50:34]} 5. Nce2 {[%clk 1:49:48]} c5
{[%clk 1:50:39]} 6. c3 {[%clk 1:49:54]} Nc6 {[%clk 1:50:46]} 7. Nf3
{[%clk 1:49:59]} Be7 {[%clk 1:47:07]} 8. Nf4 {[%clk 1:45:25]} a6 {[%clk 1:39:41]}
9. Bd3 {[%clk 1:41:24]} cxd4 {[%clk 1:28:22]} 10. cxd4 {[%clk 1:41:17]} Qb6
{[%clk 1:28:00]} 11. O-O {[%clk 1:40:52]} O-O {[%clk 1:12:13]} 12. h4
{[%clk 1:36:54]} Re8 {[%clk 1:02:49]} 13. g3 {[%clk 1:34:10]} Nf8
{[%clk 0:51:18]} 14. Kg2 {[%clk 1:32:10]} Bd7 {[%clk 0:43:49]} 15. Rh1
{[%clk 1:29:15]} f6 {[%clk 0:36:31]} 16. Be3 {[%clk 1:20:30]} fxe5
{[%clk 0:29:05]} 17. dxe5 {[%clk 1:20:11]} Qxb2 {[%clk 0:27:50]} 18. Rb1
{[%clk 1:20:02]} Qxa2 {[%clk 0:26:30]} 19. Rxb7 {[%clk 1:19:45]} Reb8
{[%clk 0:21:18]} 20. Rxd7 {[%clk 1:03:15]} Nxd7 {[%clk 0:21:19]} 21. Ng5
{[%clk 0:54:47]} Bxg5 {[%clk 0:11:06]} 22. hxg5 {[%clk 0:53:01]} g6
{[%clk 0:10:57]} 23. Rxh7 {[%clk 0:50:54]} Nf8 {[%clk 0:05:51]} 24. Bxg6
{[%clk 0:45:31]} Nxe5 {[%clk 0:03:29]} 25. Qh5 {[%clk 0:43:41]} Nexg6
{[%clk 0:02:38]} 26. Nxg6 {[%clk 0:43:41]} Nxh7 {[%clk 0:02:35]} 27. Ne7+
{[%clk 0:43:40]} Kf8 {[%clk 0:02:33]} 28. Qxh7 {[%clk 0:43:40]} Qa3
{[%clk 0:02:12]} 29. g6 {[%clk 0:42:47]} Ke8 {[%clk 0:01:49]} 30. Nc6
{[%clk 0:41:36]} Qf8 {[%clk 0:01:30]} 31. g7 {[%clk 0:41:26]} Qf7
{[%clk 0:01:09]} 32. g8=Q+ {[%clk 0:41:24]} Qxg8 {[%clk 0:01:17]} 33. Qe7# 1-0